000 01379nam a2200373 a 4500
001 000108509
003 CHAP
005 20220329144015.0
008 140219s2012 mx a sm |||||||spa d
010 _a104971
011 _a105943
040 _cCHAP
090 _aTesis
100 1 _aCarrasco Hernández, Guadalupe
_9125516
245 1 0 _aEl beneficiado húmedo y denominación de origen del "café pluma" en el estado de Oaxaca
_h[En línea]
_cpor Guadalupe Carrasco Hernández.
260 _aChapingo, Méx. :
_bEl autor,
_c2012.
500 _aPara ver el contenido del material haga clic en la liga
502 _aTesis (Ing. Agr. Esp. en Zonas Tropicales) -- UACH. Unidad Regional Universitaria Sur-Sureste
590 _aBATCH-UPD
_b05
_c20140219
_lUCH01
_h1336
590 _aBATCH-UPD
_b05
_c20140324
_lUCH01
_h1535
590 _aBATCH-UPD
_b05
_c20141002
_lUCH01
_h0856
590 _aBATCH
_b00
_c20181121
_lUCH01
_h0759
590 _aE5765TAJ
_b05
_c20140219
_lUCH01
_h1336
590 _aE5765TAJ
_b05
_c20140219
_lUCH01
_h1352
590 _aE5765TAJ
_b05
_c20140221
_lUCH01
_h0930
650 1 4 _aCafé pluma
_zOaxaca.
_9125519
650 1 4 _aCafé
_xAspectos económicos.
_917090
650 1 4 _aCafé
_xCalidad.
_917114
856 _a1
_n0001304
856 _aFinding aid
_uhttp://10.13.5.2/tesis/sist108509.pdf
_zTeclea aquí
901 _aBK
942 _cTESIS
942 _n0
999 _c104971
_d104971